000 00468nam a2200181Ia 4500
001 20274
005 20260306172754.0
008 260306t2013||||xx |||||||||||||| ||spa||
041 _aESP
082 _a343.1
_bF38A
100 _aFerrer Mac-Gregor, Eduardo
_eAUT
245 0 _aPanorámica del derecho procesal constitucional y convencional
260 _c2013
300 _a1062 páginas :
_c25 cm.
650 _aGEN
654 _aCDE
942 _cLIB
_dJUS
_fJUS
_2ddc
_n
999 _c20274
_d20274